000 00315 a2200109 4500
001 ART_48387
005 20260410161809.0
008 260409a
245 1 0 _aContratos asociativos
100 1 _aArduino, Augusto H.L.
773 0 _tDoctrina Societaria y Concursal
_g- N° 375 (feb. 2019)
_wREV4298
999 _c21278
_d21278